[Event "EU-Cup 27th"]
[Site "Rogaska Slatina"]
[Date "2011.09.25"]
[Round "1"]
[White "Byron, Alan M"]
[Black "Braga, Fernando Alberto"]
[Result "0-1"]
[WhiteElo "2243"]
[BlackElo "2438"]
[PlyCount "68"]
[EventDate "2011.09.25"]
[EventType "team-swiss"]
[EventRounds "7"]
[EventCountry "SLO"]
[SourceTitle "CBM 145"]
[Source "ChessBase"]
[SourceDate "2011.11.11"]
[SourceVersion "1"]
[SourceVersionDate "2011.11.11"]
[SourceQuality "1"]
[WhiteTeam "e2e4.org.uk"]
[BlackTeam "Nereto"]
[WhiteTeamCountry "ENG"]
[BlackTeamCountry "ITA"]

1. c4 c5 2. g3 Nc6 3. Bg2 g6 4. Nc3 Bg7 5. Nf3 e6 6. 0-0 Nge7 7. d3 0-0 8. Bg5 h6 9. Bd2 b6 10. a3 d5 11. Rb1 Bb7 12. b4 dxc4 13. dxc4 Rc8 14. bxc5 Na5 15. Nb5 Nxc4 16. Bb4 bxc5 17. Nxa7 cxb4 18. Nxc8 Qxc8 19. Rxb4 Nd5 20. Rb3 Nc3 21. Qe1 Na5 22. Rb4 Ba6 23. Kh1 Bxe2 24. Rg1 Qc5 25. Nd2 Ba6 26. Ne4 Nxe4 27. Qxe4 Qxf2 28. Rc1 Rd8 29. Qf3 Qd2 30. Rcb1 Be2 31. Qf2 Bd4 32. Qf4 Be3 33. Qc7 Qd1+ 34. Rxd1 Rxd1+ 0-1

[Event "Livigno op-A 2nd"]
[Site "Livigno"]
[Date "2011.09.15"]
[Round "6"]
[White "Maiorov, Nikita"]
[Black "Braga, Fernando Alberto"]
[Result "1-0"]
[WhiteElo "2558"]
[BlackElo "2438"]
[PlyCount "87"]
[EventDate "2011.09.12"]
[EventType "swiss"]
[EventRounds "9"]
[EventCountry "ITA"]
[SourceTitle "CBM 144 Extra"]
[Source "ChessBase"]
[SourceDate "2011.10.28"]
[SourceVersion "1"]
[SourceVersionDate "2011.10.28"]
[SourceQuality "1"]

1. d4 Nf6 2. c4 c5 3. d5 b5 4. cxb5 a6 5. bxa6 g6 6. Nc3 Bxa6 7. g3 d6 8. Bg2 Bg7 9. Nf3 Nbd7 10. Rb1 Nb6 11. b3 Bb7 12. Nh4 0-0 13. 0-0 Ne8 14. Qd2 Nc7 15. e4 Qd7 16. Bb2 c4 17. Qe3 Ra6 18. Rfd1 cxb3 19. axb3 Nc8 20. Nf3 Ra8 21. Na4 Bxb2 22. Rxb2 f5 23. Ng5 fxe4 24. Bh3 Qb5 25. Qc3 Qa5 26. Rc2 Qxc3 27. Rxc3 Nb5 28. Re3 h6 29. Nxe4 Ra5 30. Nec3 Nxc3 31. Rxc3 Kg7 32. Be6 Rb5 33. Rd4 h5 34. b4 Nb6 35. Nxb6 Rxb6 36. Rc7 Re8 37. h4 Kh6 38. Rf4 g5 39. hxg5+ Kxg5 40. Bf7 Rc8 41. Rxe7 Rc1+ 42. Kh2 Rd1 43. Be6 Rb5 44. Rff7 1-0

[Event "Livigno op-A 2nd"]
[Site "Livigno"]
[Date "2011.09.13"]
[Round "3"]
[White "Braga, Fernando Alberto"]
[Black "Reverby, Miro"]
[Result "1/2-1/2"]
[WhiteElo "2438"]
[BlackElo "2153"]
[PlyCount "57"]
[EventDate "2011.09.12"]
[EventType "swiss"]
[EventRounds "9"]
[EventCountry "ITA"]
[SourceTitle "CBM 144 Extra"]
[Source "ChessBase"]
[SourceDate "2011.10.28"]
[SourceVersion "1"]
[SourceVersionDate "2011.10.28"]
[SourceQuality "1"]

1. Nf3 Nf6 2. c4 d6 3. g3 e5 4. Bg2 g6 5. 0-0 Bg7 6. Nc3 0-0 7. d4 Nbd7 8. b3 Re8 9. e3 a6 10. a4 c6 11. Ba3 e4 12. Nd2 d5 13. b4 Nf8 14. a5 Bg4 15. Qc2 Qd7 16. Na4 Qf5 17. Nc5 Rab8 18. Rae1 Qh5 19. cxd5 cxd5 20. f3 Bh3 21. Bxh3 Qxh3 22. f4 Ng4 23. Ndb3 Ne6 24. Qg2 Qxg2+ 25. Kxg2 h5 26. h3 Nh6 27. Rc1 Nf5 28. Kf2 Nd6 29. Rc2 1/2-1/2

[Event "Montecatini Terme op"]
[Site "Montecatini Terme"]
[Date "2011.08.06"]
[Round "8"]
[White "Capone, Vincenzo"]
[Black "Braga, Fernando Alberto"]
[Result "0-1"]
[WhiteElo "2141"]
[BlackElo "2447"]
[PlyCount "110"]
[EventDate "2011.07.31"]
[EventType "swiss"]
[EventRounds "9"]
[EventCountry "ITA"]
[SourceTitle "CBM 143 Extra"]
[Source "ChessBase"]
[SourceDate "2011.08.29"]
[SourceVersion "1"]
[SourceVersionDate "2011.08.29"]
[SourceQuality "1"]

1. d4 Nf6 2. c4 c5 3. d5 e5 4. Nc3 d6 5. e4 Be7 6. Bd3 0-0 7. h3 Ne8 8. g4 Bg5 9. Nf3 Bxc1 10. Qxc1 Nd7 11. Qe3 a6 12. Ke2 Nc7 13. a4 Nf6 14. Nd2 Bd7 15. Nb3 b6 16. Kd2 Rb8 17. Qe2 Qe7 18. Kc2 Rb7 19. f3 Rfb8 20. Rhb1 Nfe8 21. Qf2 Nf6 22. Qe2 Be8 23. Qf2 Nd7 24. h4 Nf8 25. h5 h6 26. Qe3 Nh7 27. Be2 Ng5 28. Ra2 Bd7 29. Bf1 Ne8 30. Be2 Nf6 31. Bf1 Nfh7 32. Be2 Nh3 33. Bf1 Nf4 34. Ne2 Nxe2 35. Bxe2 Ng5 36. Rh1 Rc7 37. Nd2 Rcb7 38. b3 Qf6 39. Bd3 Ra7 40. Be2 Rab7 41. Bd3 b5 42. axb5 axb5 43. Rha1 bxc4 44. Bxc4 Bb5 45. Ra8 Bxc4 46. Rxb8+ Rxb8 47. bxc4 Nh3 48. Ra7 Nf4 49. Ra6 Kh7 50. Ra3 Qh4 51. Rb3 Ra8 52. Ra3 Rxa3 53. Qxa3 Ne2 54. Qa7 Nd4+ 55. Kd3 Qf2 0-1

[Event "Montecatini Terme op"]
[Site "Montecatini Terme"]
[Date "2011.08.01"]
[Round "2"]
[White "Spornberger, Maximilian"]
[Black "Braga, Fernando Alberto"]
[Result "1-0"]
[WhiteElo "2155"]
[BlackElo "2447"]
[PlyCount "71"]
[EventDate "2011.07.31"]
[EventType "swiss"]
[EventRounds "9"]
[EventCountry "ITA"]
[SourceTitle "CBM 143 Extra"]
[Source "ChessBase"]
[SourceDate "2011.08.29"]
[SourceVersion "1"]
[SourceVersionDate "2011.08.29"]
[SourceQuality "1"]

1. e4 c5 2. Nc3 Nc6 3. f4 g6 4. Nf3 Bg7 5. Bb5 Qa5 6. Bxc6 dxc6 7. 0-0 Nf6 8. d3 Bg4 9. h3 Bxf3 10. Qxf3 0-0-0 11. Be3 Nd7 12. Rab1 Bxc3 13. bxc3 Qxc3 14. Rb3 Qxc2 15. Rf2 Qxb3 16. axb3 b6 17. e5 Kb7 18. d4 cxd4 19. Bxd4 Nb8 20. Rd2 e6 21. g4 h5 22. Bc3 Rd5 23. Rxd5 cxd5 24. f5 hxg4 25. hxg4 gxf5 26. gxf5 Rc8 27. fxe6 fxe6 28. Bb4 Rc1+ 29. Kh2 Nc6 30. Bd6 Nd4 31. Qf7+ Ka6 32. b4 Rc2+ 33. Kh3 Ra2 34. Qf1+ Ne2 35. b5+ Ka5 36. Qe1+ 1-0

[Event "ITA-chT 43rd"]
[Site "Spoleto"]
[Date "2011.04.28"]
[Round "1"]
[White "Braga, Fernando Alberto"]
[Black "Malloni, Marcello"]
[Result "1/2-1/2"]
[WhiteElo "2447"]
[BlackElo "2284"]
[PlyCount "89"]
[EventDate "2011.04.28"]
[EventType "team"]
[EventRounds "7"]
[EventCountry "ITA"]
[SourceTitle "EXT 2012"]
[Source "ChessBase"]
[SourceDate "2011.11.24"]
[SourceVersion "1"]
[SourceVersionDate "2011.11.24"]
[SourceQuality "1"]
[WhiteTeam "Libertas Nereto"]
[BlackTeam "ASD Scacchi Latina"]
[WhiteTeamCountry "ITA"]
[BlackTeamCountry "ITA"]

1. Nf3 Nf6 2. c4 e6 3. g3 b6 4. Bg2 Bb7 5. 0-0 Be7 6. Nc3 c5 7. Re1 a6 8. e4 d6 9. d4 cxd4 10. Nxd4 Qc7 11. Bf4 Nbd7 12. Bxd6 Qxd6 13. e5 Qc7 14. exf6 Nxf6 15. Nd5 exd5 16. Nf5 Ne4 17. cxd5 0-0 18. Bxe4 Bf6 19. d6 Qd7 20. Ne7+ Kh8 21. Bxb7 Qxb7 22. Rc1 Rad8 23. Nc6 Rd7 24. b3 h6 25. Ne5 Bxe5 26. Rxe5 Rfd8 27. Rd5 b5 28. Qd4 Kg8 29. b4 Kf8 30. Rc7 Rxc7 31. dxc7 Rxd5 32. c8Q+ Qxc8 33. Qxd5 Ke7 34. Kg2 Qe6 35. Qb7+ Kf6 36. a3 g6 37. h4 h5 38. Qf3+ Ke5 39. Qe3+ Kd5 40. Qc5+ Ke4 41. Qc3 Kf5 42. Qf3+ Ke5 43. Qe3+ Kd5 44. Qc5+ Ke4 45. Qe3+ 1/2-1/2

[Event "Bratto op 30th"]
[Site "Bratto"]
[Date "2010.08.28"]
[Round "9"]
[White "L'Ami, Erwin"]
[Black "Braga, Fernando Alberto"]
[Result "1/2-1/2"]
[WhiteElo "2620"]
[BlackElo "2435"]
[PlyCount "190"]
[EventDate "2010.08.20"]
[EventType "swiss"]
[EventRounds "9"]
[EventCountry "ITA"]
[SourceTitle "CBM 138 Extra"]
[Source "ChessBase"]
[SourceDate "2010.10.29"]
[SourceVersion "1"]
[SourceVersionDate "2010.10.29"]
[SourceQuality "1"]

1. d4 Nf6 2. c4 c5 3. d5 b5 4. cxb5 a6 5. bxa6 g6 6. Nc3 Bxa6 7. e4 Bxf1 8. Kxf1 d6 9. g3 Bg7 10. Kg2 0-0 11. Nf3 Nbd7 12. Re1 Ng4 13. Re2 Qa5 14. Bd2 Rfb8 15. Be1 Qa6 16. Qc2 Nge5 17. Nxe5 Nxe5 18. Nd1 Nd3 19. Bc3 Bxc3 20. bxc3 Qc4 21. Ne3 Qa6 22. c4 Qa3 23. Rd2 Nb4 24. Qd1 Qc3 25. Rb1 Qe5 26. Qf3 h5 27. Rb3 Kg7 28. a3 Na6 29. Rdd3 Nc7 30. Qf4 Qa1 31. Qg5 Rxb3 32. Rxb3 f6 33. Qf4 Ra7 34. Qf3 Kf7 35. Nc2 Qc1 36. Qd3 h4 37. Ne3 hxg3 38. hxg3 Qa1 39. Qd2 Ne8 40. Nc2 Qe5 41. Qe2 f5 42. Re3 fxe4 43. Rxe4 Qb2 44. Rf4+ Nf6 45. Qe6+ Kg7 46. Ne3 Qe5 47. Qc8 g5 48. Ng4 Qe2 49. Rf3 Qe4 50. Nxf6 exf6 51. Qe6 Qxe6 52. dxe6 Ra4 53. Rd3 Kf8 54. Rxd6 Ke7 55. Rc6 Rxc4 56. Ra6 Re4 57. Kf1 f5 58. f3 Re3 59. Kf2 f4 60. g4 Rc3 61. a4 Rc2+ 62. Ke1 Ra2 63. a5 c4 64. Kd1 c3 65. Kc1 Kf6 66. Kb1 Rb2+ 67. Kc1 Ra2 68. Ra8 Kxe6 69. a6 Kf7 70. Kb1 Ra3 71. Kc2 Kg7 72. Ra7+ Kg6 73. Kd3 Kh6 74. Ra8 Kg7 75. a7 Kh7 76. Ke4 c2 77. Rc8 Rxa7 78. Kf5 Ra3 79. Rc7+ Kh6 80. Rc6+ Kg7 81. Kxg5 Rxf3 82. Rc7+ Kg8 83. Kg6 Kf8 84. g5 Rf2 85. Kf6 Ke8 86. g6 Rg2 87. g7 f3 88. Rxc2 f2 89. Rc8+ Kd7 90. Rc1 Kd6 91. Rf1 Kd5 92. Kf7 Ke4 93. g8Q Rxg8 94. Kxg8 Kf3 95. Rxf2+ Kxf2 1/2-1/2

[Event "ITA-chT 42nd"]
[Site "Arvier"]
[Date "2010.04.29"]
[Round "2"]
[White "Stella, Andrea"]
[Black "Braga, Fernando Alberto"]
[Result "1/2-1/2"]
[WhiteElo "2283"]
[BlackElo "2432"]
[PlyCount "53"]
[EventDate "2010.04.29"]
[EventType "team"]
[EventRounds "7"]
[EventCountry "ITA"]
[SourceTitle "CBM 136 Extra"]
[Source "ChessBase"]
[SourceDate "2010.07.02"]
[SourceVersion "2"]
[SourceVersionDate "2010.07.15"]
[SourceQuality "1"]

1. d4 Nf6 2. c4 c5 3. d5 b5 4. cxb5 a6 5. bxa6 g6 6. Nc3 Bxa6 7. e4 Bxf1 8. Kxf1 d6 9. f4 Nbd7 10. Nf3 Bg7 11. g3 0-0 12. Kg2 Qb6 13. Re1 Ne8 14. e5 Nc7 15. b3 Qb7 16. Bb2 Nb6 17. exd6 exd6 18. Qd2 Ncxd5 19. Nxd5 Qxd5 20. Qxd5 Nxd5 21. Bxg7 Kxg7 22. Rad1 Rxa2+ 23. Kh3 Rf2 24. Ng5 Nc3 25. Rxd6 h6 26. Ne4 Nxe4 27. Rxe4 1/2-1/2